|
|
|
|
| LEADER |
02743nam a22003973i 4500 |
| 001 |
EBC5567197 |
| 003 |
MiAaPQ |
| 005 |
20231204023214.0 |
| 006 |
m o d | |
| 007 |
cr cnu|||||||| |
| 008 |
231204s2018 xx o ||||0 eng d |
| 020 |
|
|
|a 9782759228805
|q (electronic bk.)
|
| 020 |
|
|
|z 9782759228799
|
| 035 |
|
|
|a (MiAaPQ)EBC5567197
|
| 035 |
|
|
|a (Au-PeEL)EBL5567197
|
| 035 |
|
|
|a (OCoLC)1290021968
|
| 040 |
|
|
|a MiAaPQ
|b eng
|e rda
|e pn
|c MiAaPQ
|d MiAaPQ
|
| 100 |
1 |
|
|a Le Mouël, Chantal.
|
| 245 |
1 |
0 |
|a Land Use and Food Security in 2050 :
|b Agrimonde-Terra.
|
| 264 |
|
1 |
|a Versailles :
|b Quae,
|c 2018.
|
| 264 |
|
4 |
|c {copy}2022.
|
| 300 |
|
|
|a 1 online resource (403 pages)
|
| 336 |
|
|
|a text
|b txt
|2 rdacontent
|
| 337 |
|
|
|a computer
|b c
|2 rdamedia
|
| 338 |
|
|
|a online resource
|b cr
|2 rdacarrier
|
| 490 |
1 |
|
|a Matière à débattre et Décider Ser.
|
| 505 |
0 |
|
|a Intro -- Contents -- Preface -- Acknowledgements -- Introduction -- 1. The 'Land Use and Food Security' System -- 2. Agrimonde-Terra's Foresight Approach to Scenario Construction -- 3. The GlobAgri-Agrimonde-Terra Database and Model -- 4. Land-use Change Trajectories in Existing Scenario Studies -- 5. Retrospective Overview of Land Uses at Global Level and by World Regions -- 6. The Global Context -- 7. Climate Change: Impacts and Mitigation -- 8. Dietary Changes, Nutrition Transition and the Future of Global Diets -- 9. Urbanization, RuralTransformation and FutureUrban-Rural Linkages -- 10. Farm Structures: Current Shaping Forces and Future Farms -- 11. Cropping Systems -- 12. Livestock Systems -- 13. Scenarios of Land Use and Food Security in 2050 -- 14. Land-use Change Impacts of the Agrimonde-Terra Scenarios: An Assessment with the GlobAgri-AgT Model -- 15. Regional Dimension of the Agrimonde-Terra Scenarios: The Example of sub-Saharan Africa -- 16. Lessons on Land Use and Food Security from the Scenarios -- 17. Options for Public Policies -- Conclusion -- References -- Appendix 1 -- Appendix 2 -- Authors.
|
| 588 |
|
|
|a Description based on publisher supplied metadata and other sources.
|
| 590 |
|
|
|a Electronic reproduction. Ann Arbor, Michigan : ProQuest Ebook Central, 2023. Available via World Wide Web. Access may be limited to ProQuest Ebook Central affiliated libraries.
|
| 655 |
|
4 |
|a Electronic books.
|
| 700 |
1 |
|
|a De Lattre-Gasquet, Marie.
|
| 700 |
1 |
|
|a Mora, Olivier.
|
| 776 |
0 |
8 |
|i Print version:
|a Le Mouël, Chantal
|t Land Use and Food Security in 2050: a Narrow Road
|d Versailles : Quae,c2018
|z 9782759228799
|
| 797 |
2 |
|
|a ProQuest (Firm)
|
| 830 |
|
0 |
|a Matière à débattre et Décider Ser.
|
| 856 |
4 |
0 |
|u https://ebookcentral.proquest.com/lib/matrademy/detail.action?docID=5567197
|z Click to View
|